000
00304nam a2200133Ia 4500
005
20251222153628.0
008
251222s9999||||xx |||||||||||||| ||spa||
020
_a
9786124631009
082
_a
615.882/T15
245
0
_a
Medicinas Tradicionales:
250
_a
1er.ed
264
_b
Takiwasi
942
_c
LIB
999
_c
32266
_d
32266